000 00373nam a2200157Ia 4500
008 221030s9999 xx 000 0 und d
020 _a8120308689
041 _aEnglish
082 _a105.23
_bKos
100 _aB. Kosko
245 0 _aNeural Networks & Fuzzy Systems
_cby B. Kosko
260 _bPHI
_aNew Delhi
_c2006
300 _a449
650 _aComputers
942 _cBK
999 _c1885
_d1885